Statistics for 1. HNL Croatia Football league clubs 20/21

Click here to take the quiz!

General Stats

  • This quiz has been taken 45 times
  • The average score is 9 of 10

Answer Stats

HintAnswer% Correct
2Dinamo Zagreb
100%
1Hajduk Split
100%
3Rijeka
95%
9Istra
88%
7Osijek
88%
8Šibenik
85%
10Varaždin
85%
6Slaven Belupo
80%
4Gorica
75%
5Lokomotiva Zagreb
58%

Score Distribution

Percentile by Number Answered

Percent of People with Each Score

Your Score History

You have not taken this quiz